[Event "TCh-CHN 2017"]
[Site "China CHN"]
[Date "2017.07.27"]
[Round "9.5"]
[Board "5"]
[White "Gu, Tianlu"]
[Black "Yao, Lan"]
[Result "1/2-1/2"]
[WhiteTitle "WIM"]
[BlackTitle "WIM"]
[WhiteElo "2197"]
[BlackElo "2330"]
[WhiteTeam "Hangzhou"]
[BlackTeam "Qingdao"]
[WhiteFideId "8603995"]
[BlackFideId "8610835"]
[EventDate "2017.04.18"]

1. e4 c5 2. Nf3 d6 3. d4 cxd4 4. Nxd4 Nf6 5. Nc3 Nc6 6. Bg5 e6 7. Qd2 a6 8.
O-O-O Bd7 9. f4 b5 10. Bxf6 gxf6 11. Kb1 b4 12. Nce2 Qb6 13. Nxc6 Bxc6 14. f5 e5
15. Ng3 h5 16. h4 Qc5 17. Qe2 Ke7 18. Nxh5 Bb5 19. Qg4 Bh6 20. Rd5 Qc6 21. Qd1
Bxf1 22. Rxf1 Rad8 23. g4 Be3 24. Rf3 Bd4 25. Rb3 Qc4 26. Rd3 Rc8 27. Qd2 Rcg8
28. Qd1 Rc8 29. Rb3 Bc5 30. Qd3 Qxd3 31. Rdxd3 Rcg8 32. Rg3 Bf2 33. Rxb4 Rxh5
34. Rb7+ Kf8 35. Rc3 Rxg4 36. a3 Rh7 37. Rc6 Rxe4 38. Rxd6 Ra4 39. Rxf6 e4 40.
Rd6 Kg7 41. Rg6+ Kf8 42. Rd6 Kg7 43. Rg6+ Kf8 1/2-1/2

[Event "TCh-CHN 2017"]
[Site "China CHN"]
[Date "2017.07.27"]
[Round "9.6"]
[Board "1"]
[White "Naiditsch, Arkadij"]
[Black "Zhou, Weiqi"]
[Result "1/2-1/2"]
[WhiteTitle "GM"]
[BlackTitle "GM"]
[WhiteElo "2705"]
[BlackElo "2613"]
[WhiteTeam "Shenzhen"]
[BlackTeam "Chongqing"]
[WhiteFideId "4650891"]
[BlackFideId "8601674"]
[EventDate "2017.04.18"]

1. e4 c5 2. Nf3 d6 3. d4 cxd4 4. Nxd4 Nf6 5. Nc3 a6 6. g3 e5 7. Nf3 Be7 8. Nh4
g6 9. Ng2 Bg4 10. f3 Be6 11. Ne3 Nbd7 12. Bg2 Rc8 13. f4 b5 14. f5 Bc4 15. a3
Nb6 16. Bd2 d5 17. Ncxd5 Nfxd5 18. exd5 Bc5 19. Qg4 O-O 20. Rd1 e4 21. fxg6 hxg6
22. h4 Bxd5 23. Nxd5 Qxd5 24. Bc3 Qh5 25. Qxh5 gxh5 26. Bf6 Rfe8 27. Rf1 Be7 28.
c3 Rc6 29. Bxe7 Rxe7 30. Rf5 Nc4 31. Rxh5 Nxb2 32. Rg5+ Kh7 33. Rd4 f6 34. Rgd5
Rxc3 35. Rxe4 Re3+ 36. Rxe3 Rxe3+ 37. Kf2 Nc4 38. Rd7+ Kh8 39. h5 Re6 40. Bh3
Re5 41. g4 Rg5 42. Ra7 Ne5 43. Rxa6 Nxg4+ 44. Bxg4 Rxg4 45. Rxf6 Ra4 46. Rf3 b4
47. axb4 1/2-1/2

[Event "TCh-CHN 2017"]
[Site "China CHN"]
[Date "2017.07.27"]
[Round "9.6"]
[Board "2"]
[White "Wang, Hao"]
[Black "Zeng, Chongsheng"]
[Result "1-0"]
[WhiteTitle "GM"]
[BlackTitle "GM"]
[WhiteElo "2709"]
[BlackElo "2547"]
[WhiteTeam "Shenzhen"]
[BlackTeam "Chongqing"]
[WhiteFideId "8602883"]
[BlackFideId "8603847"]
[EventDate "2017.04.18"]

1. e4 c5 2. Nf3 e6 3. d4 cxd4 4. Nxd4 Nc6 5. Nc3 Qc7 6. Be2 a6 7. O-O Nf6 8. Be3
Be7 9. f4 d6 10. Qe1 O-O 11. Qg3 Nxd4 12. Bxd4 b5 13. a3 Bb7 14. Kh1 Rad8 15.
Rae1 Rd7 16. Bd3 Qd8 17. Qh3 g6 18. f5 gxf5 19. Nd5 Kg7 20. Rxf5 Bxd5 21. Rg5+
Kh8 22. Bxf6+ Bxf6 23. exd5 1-0

[Event "TCh-CHN 2017"]
[Site "China CHN"]
[Date "2017.07.27"]
[Round "9.6"]
[Board "3"]
[White "Liu, Qingnan"]
[Black "Wang, Chen"]
[Result "1-0"]
[WhiteTitle "GM"]
[BlackTitle "IM"]
[WhiteElo "2522"]
[BlackElo "2495"]
[WhiteTeam "Shenzhen"]
[BlackTeam "Chongqing"]
[WhiteFideId "8603294"]
[BlackFideId "8601020"]
[EventDate "2017.04.18"]

1. e4 c5 2. Nf3 e6 3. d4 cxd4 4. Nxd4 a6 5. Nc3 Qc7 6. Be2 Nf6 7. O-O Nc6 8. Be3
Bb4 9. Na4 Be7 10. Nxc6 bxc6 11. Nb6 Rb8 12. Nxc8 Qxc8 13. Bd4 c5 14. Be5 Rb6
15. b3 O-O 16. Qd3 d6 17. Bb2 Nd7 18. f4 Bf6 19. c3 Rc6 20. Qd2 Rd8 21. Rad1 Nb6
22. c4 Bxb2 23. Qxb2 Qc7 24. Bf3 Nc8 25. Rd3 Rb6 26. f5 Qe7 27. fxe6 Qxe6 28. e5
Ne7 29. Qe2 Re8 30. Bg4 Qxe5 31. Re3 Qd4 32. Rd1 Nf5 33. Rxd4 Rxe3 34. Qd2 1-0

[Event "TCh-CHN 2017"]
[Site "China CHN"]
[Date "2017.07.27"]
[Round "9.6"]
[Board "4"]
[White "Tan, Zhongyi"]
[Black "Liu, Shilan"]
[Result "1-0"]
[WhiteTitle "GM"]
[BlackTitle "WGM"]
[WhiteElo "2517"]
[BlackElo "2083"]
[WhiteTeam "Chongqing"]
[BlackTeam "Shenzhen"]
[WhiteFideId "8603642"]
[BlackFideId "8600279"]
[EventDate "2017.04.18"]

1. c4 Nf6 2. Nf3 e6 3. Nc3 c5 4. d4 cxd4 5. Nxd4 Nc6 6. a3 Be7 7. e4 d6 8. Be2
O-O 9. Nb3 b6 10. O-O Bb7 11. Be3 Rc8 12. f4 Nb8 13. Bd3 Nbd7 14. Qe2 Nc5 15.
Nxc5 bxc5 16. Rad1 Qc7 17. Rf3 Nd7 18. Rg3 Rfd8 19. Bb1 Nf8 20. f5 Bf6 21. Nb5
Qe7 22. Bf4 e5 23. Bc1 a6 24. Nc3 Nd7 25. Rh3 Bc6 26. Rhd3 Nb6 27. b3 Rb8 28.
Bc2 Nc8 29. Rf1 Rd7 30. Rh3 g6 31. Qe3 g5 32. Rh6 Bg7 33. f6 Bxh6 34. fxe7 Rxe7
35. Nd5 Re6 36. Nf6+ Kh8 37. h4 Ne7 38. hxg5 Bg7 39. Qh3 Bxf6 40. gxf6 Ng6 41.
Rf5 1-0

[Event "TCh-CHN 2017"]
[Site "China CHN"]
[Date "2017.07.27"]
[Round "9.6"]
[Board "5"]
[White "Lei, Tingjie"]
[Black "Bodnaruk, Anastasia"]
[Result "1/2-1/2"]
[WhiteTitle "GM"]
[BlackTitle "IM"]
[WhiteElo "2528"]
[BlackElo "2428"]
[WhiteTeam "Chongqing"]
[BlackTeam "Shenzhen"]
[WhiteFideId "8605114"]
[BlackFideId "4181751"]
[EventDate "2017.04.18"]

1. e4 c5 2. Nf3 d6 3. d4 cxd4 4. Nxd4 Nf6 5. Nc3 a6 6. h3 e6 7. g4 h6 8. Bg2 g5
9. Be3 Nfd7 10. Qe2 Ne5 11. O-O-O Nbc6 12. Rd2 Bd7 13. f4 gxf4 14. Bxf4 Qa5 15.
Nb3 Qc7 16. Rhd1 O-O-O 17. Kb1 f6 18. Bf1 Kb8 19. Be3 Be7 20. Qf2 Rdf8 21. Be2
Be8 22. Bb6 Qc8 23. Na4 h5 24. c4 hxg4 25. hxg4 Bg6 26. Qf4 Rh3 27. Ka1 f5 28.
exf5 exf5 29. g5 Rfh8 30. Nc3 R8h4 31. Qf2 Rh2 32. Qg1 Rh1 33. Qxh1 Rxh1 34.
Rxh1 f4 35. Bf1 Nf3 36. Rf2 Nxg5 37. Rxf4 Nb4 38. a3 Nc2+ 39. Ka2 Ne6 40. Rf2
Qg8 41. Nd5 Bd8 42. Bxd8 Qxd8 43. Rf6 Be4 44. Rhh6 Bxd5 45. cxd5 Ned4 46. Bd3
Nxb3 47. Bxc2 Nd4 48. Be4 Qe8 49. Bd3 Qa4 50. Rh3 Qb3+ 51. Kb1 Qd1+ 52. Ka2 Qb3+
53. Kb1 Qxd5 54. Rf2 Qe5 55. Rf1 a5 56. Bc4 Qe4+ 57. Ka2 Nc6 58. Rc3 d5 59. Bd3
Qe6 60. Rc5 Ka7 61. Rfc1 d4+ 62. Ka1 Qe3 63. Rd1 Ne5 64. Rxa5+ Kb8 65. Bb1 d3
66. Rxe5 Qxe5 67. Rxd3 Qe1 68. Ka2 Qe6+ 69. Rb3 Ka7 70. Bd3 Qd5 71. Bb5 Qf7 72.
a4 b6 73. Bd3 Qd5 74. Bb5 Qf7 75. Ka3 Qe7+ 76. Rb4 Qc5 77. Kb3 Qd5+ 78. Rc4 Qe6
79. Ka3 Qe7+ 80. Ka2 Qe6 81. b3 Qe2+ 82. Kb1 Qf1+ 83. Kb2 Qf6+ 84. Ka2 Qf2+ 85.
Ka3 Qf8+ 86. b4 Qf3+ 87. Kb2 Qf6+ 88. Kb3 Qe6 89. Kb2 Qf6+ 90. Rc3 Qd4 91. Kb3
Qd1+ 92. Rc2 Qb1+ 93. Kc3 Qe1+ 94. Kc4 Qe6+ 95. Kd4 Qf6+ 96. Kd3 Qf3+ 97. Kc4
Qd1 98. Rc3 Qf1+ 99. Rd3 Qc1+ 100. Kd5 Qg5+ 101. Kc6 Qc1+ 102. Kd7 Qb2 103. Bc6
Qxb4 104. Kc7 Qf4+ 105. Kc8 Ka6 106. Bb5+ Ka5 107. Kb7 Qe4+ 108. Ka7 Qxd3 109.
Bxd3 Kxa4 110. Kxb6 1/2-1/2

[Event "TCh-CHN 2017"]
[Site "China CHN"]
[Date "2017.07.28"]
[Round "10.1"]
[Board "1"]
[White "Yu, Yangyi"]
[Black "Zeng, Chongsheng"]
[Result "1-0"]
[WhiteTitle "GM"]
[BlackTitle "GM"]
[WhiteElo "2751"]
[BlackElo "2547"]
[WhiteTeam "Beijing"]
[BlackTeam "Chongqing"]
[WhiteFideId "8603820"]
[BlackFideId "8603847"]
[EventDate "2017.04.18"]

1. c4 Nf6 2. Nc3 g6 3. Nf3 Bg7 4. e4 d6 5. d4 O-O 6. h3 e5 7. d5 Nh5 8. g3 f5 9.
exf5 gxf5 10. Nh4 Nf4 11. gxf4 Qxh4 12. Rg1 e4 13. Be3 Na6 14. Bd4 Rf7 15. Qd2
Kf8 16. Bxg7+ Rxg7 17. Rxg7 Kxg7 18. O-O-O Bd7 19. Qe3 Nc5 20. Be2 Kf7 21. Rg1
Rg8 22. Rxg8 Kxg8 23. Qg3+ Qxg3 24. fxg3 a5 25. Kd2 Kg7 26. Nd1 Kg6 27. g4 h6
28. Ne3 Kf6 29. b3 c6 30. Kc3 Na6 31. a3 Nc7 32. b4 axb4+ 33. axb4 cxd5 34. cxd5
b6 35. Kd4 Bc8 36. gxf5 Ba6 37. Bxa6 Nxa6 38. Kxe4 Nxb4 39. Ng4+ Kg7 40. f6+ Kg6
41. f5+ Kf7 42. Nxh6+ Kxf6 43. h4 Na6 44. Ng4+ Kf7 45. h5 Nc5+ 46. Kd4 b5 47.
Nf2 Nb3+ 48. Ke3 Na5 49. Ne4 Nc4+ 50. Kd4 Kg7 51. Ng3 Nd2 52. Kc3 Nc4 53. Kd3
Ne5+ 54. Kd4 Nf3+ 55. Kc3 Kf6 56. h6 Ng5 57. Kd4 Nf7 58. Ne4+ Kxf5 59. h7 Kg6
60. Nxd6 Nh8 61. Nxb5 Kxh7 62. d6 Kg7 63. d7 Nf7 64. Nd6 Nd8 65. Ke5 Kg6 66. Ne4
Kf7 67. Kd6 Kg6 68. Kc7 Nf7 69. Nd6 Ng5 70. Kc8 Ne6 71. Ne4 1-0

[Event "TCh-CHN 2017"]
[Site "China CHN"]
[Date "2017.07.28"]
[Round "10.1"]
[Board "2"]
[White "Li, Chao b"]
[Black "Wang, Chen"]
[Result "1-0"]
[WhiteTitle "GM"]
[BlackTitle "IM"]
[WhiteElo "2732"]
[BlackElo "2495"]
[WhiteTeam "Beijing"]
[BlackTeam "Chongqing"]
[WhiteFideId "8604436"]
[BlackFideId "8601020"]
[EventDate "2017.04.18"]

1. d4 Nf6 2. c4 e6 3. Nc3 d5 4. Bg5 Be7 5. e3 O-O 6. Nf3 Ne4 7. Bxe7 Qxe7 8. Rc1
Nxc3 9. Rxc3 c6 10. Qc2 Nd7 11. Bd3 h6 12. O-O Rd8 13. a3 Nf8 14. Re1 Bd7 15. e4
dxc4 16. Bxc4 Be8 17. e5 Rac8 18. Ba2 Rc7 19. h3 b6 20. Rc1 Rdc8 21. b4 c5 22.
bxc5 bxc5 23. dxc5 Ng6 24. Bb1 Bc6 25. Nd4 Qg5 26. Nxc6 Rxc6 27. Qa4 Nf4 28. Qe4
Nxh3+ 29. Kf1 Nf4 30. Rg3 Qh4 31. Kg1 g6 32. Rgc3 Qg5 33. Rc4 Nd5 34. Bd3 Qd2
35. Qd4 Kg7 36. g3 Rb8 37. Be4 Qxd4 38. Rxd4 Rb3 39. Rxd5 exd5 40. Bxd5 Rbb6 41.
Kg2 Ra6 42. Bxc6 Rxc6 43. Kf3 Kf8 44. Ke4 Ke7 45. Kd5 Ra6 46. Rc3 1-0

[Event "TCh-CHN 2017"]
[Site "China CHN"]
[Date "2017.07.28"]
[Round "10.1"]
[Board "3"]
[White "Fang, Yan"]
[Black "Zhou, Weiqi"]
[Result "1/2-1/2"]
[BlackTitle "GM"]
[WhiteElo "2426"]
[BlackElo "2613"]
[WhiteTeam "Beijing"]
[BlackTeam "Chongqing"]
[WhiteFideId "8604746"]
[BlackFideId "8601674"]
[EventDate "2017.04.18"]

1. e4 e5 2. Nf3 Nc6 3. Bc4 Bc5 4. O-O Nf6 5. d3 d6 6. c3 a5 7. Re1 O-O 8. Nbd2
Be6 9. Bb3 Bxb3 10. Nxb3 a4 11. Nxc5 dxc5 12. Bg5 h6 13. Be3 Qe7 14. Nh4 b6 15.
Nf5 Qe6 16. Qf3 Ne7 17. d4 cxd4 18. Nxe7+ Qxe7 19. cxd4 exd4 20. Bxd4 Rfd8 21.
Bxf6 Qxf6 22. Qxf6 gxf6 23. Red1 a3 24. b3 Re8 25. f3 f5 26. Rd7 Rad8 27. Rad1
Rxd7 28. Rxd7 fxe4 29. fxe4 Rxe4 30. Kf2 c5 31. Ra7 c4 32. bxc4 Rxc4 33. Rxa3
Rc2+ 34. Kf3 Kg7 35. Rb3 Rxa2 36. Rxb6 1/2-1/2

[Event "TCh-CHN 2017"]
[Site "China CHN"]
[Date "2017.07.28"]
[Round "10.1"]
[Board "4"]
[White "Tan, Zhongyi"]
[Black "Zhao, Xue"]
[Result "0-1"]
[WhiteTitle "GM"]
[BlackTitle "GM"]
[WhiteElo "2517"]
[BlackElo "2477"]
[WhiteTeam "Chongqing"]
[BlackTeam "Beijing"]
[WhiteFideId "8603642"]
[BlackFideId "8601283"]
[EventDate "2017.04.18"]

1. d4 Nf6 2. c4 e6 3. Nf3 Bb4+ 4. Bd2 Qe7 5. g3 Nc6 6. e3 Ne4 7. Bg2 d5 8. a3
Bxd2+ 9. Nfxd2 Nxd2 10. Nxd2 O-O 11. O-O Rd8 12. Qc2 Nb8 13. Rad1 c6 14. e4 b6
15. Rfe1 Bb7 16. f4 Na6 17. cxd5 cxd5 18. e5 Rac8 19. Qb1 Nc7 20. Nf1 f5 21.
exf6 Qxf6 22. Bh3 Bc6 23. Ne3 h5 24. Ng2 Be8 25. Re5 Bg6 26. f5 Bh7 27. Qd3 Rf8
28. Rf1 Qh6 29. Nh4 Kh8 30. a4 Rf7 31. Qd1 Rcf8 32. fxe6 Rxf1+ 33. Bxf1 Nxe6 34.
Qxh5 Qd2 35. Ng6+ Kg8 36. Nxf8 Qxd4+ 37. Kh1 Be4+ 38. Bg2 Qd3 39. Kg1 Qe3+ 0-1

[Event "TCh-CHN 2017"]
[Site "China CHN"]
[Date "2017.07.28"]
[Round "10.1"]
[Board "5"]
[White "Lei, Tingjie"]
[Black "Wang, Jue"]
[Result "1/2-1/2"]
[WhiteTitle "GM"]
[BlackTitle "WGM"]
[WhiteElo "2528"]
[BlackElo "2359"]
[WhiteTeam "Chongqing"]
[BlackTeam "Beijing"]
[WhiteFideId "8605114"]
[BlackFideId "8604070"]
[EventDate "2017.04.18"]

1. e4 c5 2. Nf3 d6 3. d4 cxd4 4. Nxd4 Nf6 5. Nc3 a6 6. f3 e5 7. Nb3 Be6 8. Be3
h5 9. Qd2 Nbd7 10. Nd5 Bxd5 11. exd5 g6 12. O-O-O Nb6 13. Qa5 Bh6 14. Bxh6 Rxh6
15. Qd2 Rh8 16. f4 exf4 17. Qxf4 Kf8 18. Bd3 Kg7 19. Nd4 Ng4 20. h3 Qf6 21. Nf5+
gxf5 22. hxg4 fxg4 23. Qxf6+ Kxf6 24. Rdf1+ Kg7 25. Rf5 Nd7 26. Rg5+ Kf6 27.
Rgxh5 Rxh5 28. Rxh5 Ne5 29. Rh6+ Ke7 30. Bf5 Rg8 31. b3 b5 32. Kd2 Rg5 33. Bc8
a5 34. Ke3 Ng6 35. c4 bxc4 36. bxc4 Re5+ 37. Kd2 g3 38. Bg4 Re4 39. Bf5 Rxc4 40.
Bxg6 fxg6 41. Rxg6 Ra4 42. Rxg3 Rxa2+ 43. Kc1 1/2-1/2

[Event "TCh-CHN 2017"]
[Site "China CHN"]
[Date "2017.07.28"]
[Round "10.2"]
[Board "1"]
[White "Bai, Jinshi"]
[Black "Naiditsch, Arkadij"]
[Result "1/2-1/2"]
[WhiteTitle "GM"]
[BlackTitle "GM"]
[WhiteElo "2556"]
[BlackElo "2705"]
[WhiteTeam "Hangzhou"]
[BlackTeam "Shenzhen"]
[WhiteFideId "8602280"]
[BlackFideId "4650891"]
[EventDate "2017.04.18"]

1. d4 Nf6 2. c4 e6 3. Nc3 Bb4 4. Nf3 c5 5. g3 Nc6 6. Bg2 Ne4 7. Bd2 Nxd2 8. Qxd2
cxd4 9. Nxd4 Qb6 10. e3 Ne5 11. b3 Qa5 12. Nde2 O-O 13. O-O a6 14. Rfd1 Qa3 15.
Qd4 Nc6 16. Qd3 Be7 17. Ne4 d5 18. cxd5 Nb4 19. Qd2 Nxd5 20. Nf4 Rd8 21. Nc3
Nxc3 22. Qxd8+ Bxd8 23. Rxd8+ Qf8 24. Rxf8+ Kxf8 25. Rc1 Nxa2 26. Rc7 Nb4 27.
Bxb7 Bxb7 28. Rxb7 a5 29. Rb5 g6 30. g4 h6 31. h4 Nc6 32. Kg2 Ra7 33. Nd3 Ke7
34. Nb2 f5 35. gxf5 gxf5 36. f4 Kf6 37. Kf3 Ne7 38. Nc4 a4 39. bxa4 Rxa4 40. Ne5 1/2-1/2

[Event "TCh-CHN 2017"]
[Site "China CHN"]
[Date "2017.07.28"]
[Round "10.2"]
[Board "2"]
[White "Gao, Rui"]
[Black "Wang, Hao"]
[Result "1/2-1/2"]
[WhiteTitle "GM"]
[BlackTitle "GM"]
[WhiteElo "2546"]
[BlackElo "2709"]
[WhiteTeam "Hangzhou"]
[BlackTeam "Shenzhen"]
[WhiteFideId "8602387"]
[BlackFideId "8602883"]
[EventDate "2017.04.18"]

1. e4 e5 2. Nf3 Nc6 3. Bb5 a6 4. Ba4 Nf6 5. O-O Be7 6. Re1 b5 7. Bb3 d6 8. c3
O-O 9. h3 Nb8 10. d4 Nbd7 11. Nbd2 Bb7 12. Bc2 Re8 13. b3 Bf8 14. Bb2 g6 15. a4
Nb6 16. d5 bxa4 17. bxa4 a5 18. Bd3 c6 19. c4 Nbd7 20. Nb3 Bh6 21. Bf1 Qc7 22.
Rb1 Ba6 23. Ba3 cxd5 24. cxd5 Bxf1 25. Kxf1 Qc4+ 26. Qe2 Rec8 27. Bxd6 Nxe4 28.
Qxc4 Rxc4 29. Nxe5 Nxe5 30. Bxe5 Rxa4 31. f3 f6 32. Bc7 Nc3 33. d6 Nxb1 34. d7
Kf7 35. Rxb1 Rb4 36. Bxa5 Rbb8 37. Bc7 Rd8 38. Rd1 Bf8 39. Bxd8 Rxd8 40. Ke2 Be7
41. Rd3 Ke6 42. Nd4+ Ke5 1/2-1/2

[Event "TCh-CHN 2017"]
[Site "China CHN"]
[Date "2017.07.28"]
[Round "10.2"]
[Board "3"]
[White "Ma, Qun"]
[Black "Liu, Qingnan"]
[Result "1-0"]
[WhiteTitle "GM"]
[BlackTitle "GM"]
[WhiteElo "2638"]
[BlackElo "2522"]
[WhiteTeam "Hangzhou"]
[BlackTeam "Shenzhen"]
[WhiteFideId "8603154"]
[BlackFideId "8603294"]
[EventDate "2017.04.18"]

1. e4 e5 2. Nf3 Nf6 3. Nxe5 d6 4. Nf3 Nxe4 5. d4 d5 6. Bd3 Bd6 7. O-O O-O 8. c4
c6 9. cxd5 cxd5 10. Nc3 Nxc3 11. bxc3 Bg4 12. h3 Bh5 13. Rb1 Nd7 14. Rxb7 Nb6
15. Qc2 Bxf3 16. Bxh7+ Kh8 17. gxf3 Qh4 18. Bf5 g6 19. Bg4 f5 20. f4 fxg4 21.
Qxg6 Be7 22. Ba3 Rae8 23. Re1 Rg8 24. Qxe8 gxh3+ 25. Kh1 Rxe8 26. Bxe7 Qh5 27.
Bf6+ Kg8 28. Rg1+ Kf8 29. Bg7+ Kg8 30. Be5+ Kf8 31. Bd6+ Re7 32. Rxe7 Qf3+ 33.
Kh2 1-0

[Event "TCh-CHN 2017"]
[Site "China CHN"]
[Date "2017.07.28"]
[Round "10.2"]
[Board "4"]
[White "Huang, Qian"]
[Black "Girya, Olga"]
[Result "1/2-1/2"]
[WhiteTitle "WGM"]
[BlackTitle "WGM"]
[WhiteElo "2438"]
[BlackElo "2484"]
[WhiteTeam "Shenzhen"]
[BlackTeam "Hangzhou"]
[WhiteFideId "8602689"]
[BlackFideId "4195752"]
[EventDate "2017.04.18"]

1. d4 d5 2. Nf3 Nf6 3. c4 e6 4. Nc3 Be7 5. Bg5 h6 6. Bh4 c6 7. e3 Nbd7 8. Qc2
O-O 9. cxd5 Nxd5 10. Bxe7 Qxe7 11. Be2 Nxc3 12. Qxc3 c5 13. O-O b6 14. Rac1 Bb7
15. dxc5 Nxc5 16. b4 Na6 17. a3 Rac8 18. Qe5 Nc7 19. Nd4 Nd5 20. Bf3 Qg5 21.
Qxg5 hxg5 22. h3 a6 23. a4 Rfd8 24. b5 axb5 25. axb5 Kf8 26. Ra1 Ra8 27. Rfc1
Rxa1 28. Rxa1 Ra8 29. Rc1 Rc8 30. Ra1 Ra8 31. Rc1 Rc8 1/2-1/2

[Event "TCh-CHN 2017"]
[Site "China CHN"]
[Date "2017.07.28"]
[Round "10.2"]
[Board "5"]
[White "Bodnaruk, Anastasia"]
[Black "Gu, Tianlu"]
[Result "1-0"]
[WhiteTitle "IM"]
[BlackTitle "WIM"]
[WhiteElo "2428"]
[BlackElo "2197"]
[WhiteTeam "Shenzhen"]
[BlackTeam "Hangzhou"]
[WhiteFideId "4181751"]
[BlackFideId "8603995"]
[EventDate "2017.04.18"]

1. e4 c5 2. Nf3 Nc6 3. d4 cxd4 4. Nxd4 g6 5. c4 Nf6 6. Nc3 d6 7. Be2 Bg7 8. Be3
O-O 9. O-O a5 10. Ndb5 Be6 11. Rc1 Ne5 12. b3 Bd7 13. f3 h5 14. h3 Bc6 15. f4
Ned7 16. Bf3 b6 17. Qc2 Ne8 18. Rcd1 Qc8 19. g4 Nc5 20. Qg2 h4 21. f5 Nf6 22.
Bg5 Qb7 23. Rfe1 a4 24. Nd4 Nh7 25. Bxh4 Bxd4+ 26. Rxd4 axb3 27. axb3 Nxb3 28.
Rdd1 Nc5 29. Nd5 g5 30. e5 Kh8 31. exd6 gxh4 32. dxe7 Rfe8 33. Qb2+ Kg8 34. Nf6+
Nxf6 35. Qxf6 Ne4 36. Rxe4 Bxe4 37. Qg5+ 1-0

[Event "TCh-CHN 2017"]
[Site "China CHN"]
[Date "2017.07.28"]
[Round "10.3"]
[Board "1"]
[White "Zhou, Jianchao"]
[Black "Fang, Yuxiang"]
[Result "1-0"]
[WhiteTitle "GM"]
[BlackTitle "GM"]
[WhiteElo "2597"]
[BlackElo "2497"]
[WhiteTeam "Shanghai"]
[BlackTeam "Qingdao"]
[WhiteFideId "8603537"]
[BlackFideId "8605840"]
[EventDate "2017.04.18"]

1. d4 d5 2. c4 e6 3. Nc3 Nf6 4. Bg5 Be7 5. e3 O-O 6. Rc1 b6 7. cxd5 Nxd5 8. Nxd5
exd5 9. Bxe7 Qxe7 10. Bd3 Ba6 11. Bxa6 Nxa6 12. Ne2 Qb4+ 13. Qd2 c5 14. a3 Qxd2+
15. Kxd2 c4 16. b3 cxb3 17. Nf4 Rfd8 18. Kc3 Kf8 19. Kxb3 Ke7 20. Rc2 g5 21. Ne2
Rac8 22. Rxc8 Rxc8 23. g4 Nb8 24. h4 h6 25. hxg5 hxg5 26. Rh6 Nc6 27. Nc3 Na5+
28. Kc2 f6 29. Kd3 Ke6 30. e4 dxe4+ 31. Nxe4 Nc4 32. Rxf6+ Ke7 33. Rg6 a5 34.
Rg7+ Kf8 35. Rb7 a4 36. Nxg5 Nxa3 37. Nh7+ Kg8 38. Nf6+ Kf8 39. g5 Nb5 40. g6
Rc3+ 41. Kd2 Rc7 42. Rb8+ 1-0

[Event "TCh-CHN 2017"]
[Site "China CHN"]
[Date "2017.07.28"]
[Round "10.3"]
[Board "2"]
[White "Ni, Hua"]
[Black "Le, Quang Liem"]
[Result "0-1"]
[WhiteTitle "GM"]
[BlackTitle "GM"]
[WhiteElo "2671"]
[BlackElo "2737"]
[WhiteTeam "Shanghai"]
[BlackTeam "Qingdao"]
[WhiteFideId "8601160"]
[BlackFideId "12401137"]
[EventDate "2017.04.18"]

1. e4 c6 2. Nf3 d5 3. Nc3 Bg4 4. h3 Bxf3 5. Qxf3 Nf6 6. Be2 e6 7. O-O Bc5 8. d3
Nbd7 9. Qg3 O-O 10. Bh6 Ne8 11. Bf4 Kh8 12. exd5 cxd5 13. Na4 Be7 14. c4 Ndf6
15. Nc3 Nd6 16. Be5 Nf5 17. Qf4 Rc8 18. cxd5 Nxd5 19. Qe4 Bf6 20. Nxd5 Bxe5 21.
Qxe5 Rc5 22. Bf3 Nh4 23. Be4 exd5 24. Qd4 b6 25. b4 Rc7 26. Qxd5 f5 27. Bf3 Rd7
28. Qc6 Rd6 29. Qb7 Rd7 30. Qc6 Rxd3 31. Be2 Rd6 32. Qb7 Rd7 33. Qc6 Rf6 34. Qc4
Rg6 35. g3 Rd4 36. Rad1 Qa8 37. Qc8+ Qxc8 38. Rxd4 Qc7 39. Kh2 Re6 40. Rc1 Qb8
41. Rdc4 Re8 42. Rc7 Ng6 43. Bb5 Rf8 44. Bd7 f4 45. h4 fxg3+ 46. fxg3 Qa8 47.
Bh3 Qd5 48. Rc8 h5 0-1

[Event "TCh-CHN 2017"]
[Site "China CHN"]
[Date "2017.07.28"]
[Round "10.3"]
[Board "3"]
[White "Grischuk, Alexander"]
[Black "Wang, Tongsen"]
[Result "1-0"]
[WhiteTitle "GM"]
[WhiteElo "2772"]
[BlackElo "2395"]
[WhiteTeam "Shanghai"]
[BlackTeam "Qingdao"]
[WhiteFideId "4126025"]
[BlackFideId "8608067"]
[EventDate "2017.04.18"]

1. e4 c5 2. Nf3 d6 3. d4 Nf6 4. Nc3 cxd4 5. Nxd4 a6 6. Be3 e6 7. f3 b5 8. Qd2
Nbd7 9. g4 h6 10. O-O-O Bb7 11. h4 b4 12. Na4 Qa5 13. b3 Nc5 14. a3 Nxa4 15.
axb4 Qc7 16. bxa4 d5 17. e5 Nd7 18. f4 Nb6 19. Rh3 Rc8 20. Bf2 Nc4 21. Bxc4 Qxc4
22. Rb3 Be7 23. Kb2 Kd7 24. f5 Rc7 25. Be1 a5 26. Qf2 axb4 27. fxe6+ fxe6 28.
Nxe6 Qxg4 29. Nxc7 Qxd1 30. Bxb4 Qh5 31. e6+ Kxc7 32. Qf4+ Kc6 33. Bxe7 1-0

[Event "TCh-CHN 2017"]
[Site "China CHN"]
[Date "2017.07.28"]
[Round "10.3"]
[Board "4"]
[White "Sun, Fanghui"]
[Black "Ju, Wenjun"]
[Result "0-1"]
[BlackTitle "GM"]
[WhiteElo "2126"]
[BlackElo "2567"]
[WhiteTeam "Qingdao"]
[BlackTeam "Shanghai"]
[WhiteFideId "8604150"]
[BlackFideId "8603006"]
[EventDate "2017.04.18"]

1. e4 c5 2. c3 d5 3. exd5 Qxd5 4. d4 Nf6 5. Nf3 e6 6. Be2 Be7 7. O-O O-O 8. Be3
cxd4 9. cxd4 Nc6 10. Nc3 Qd6 11. Qd2 b6 12. a3 Bb7 13. b4 Nd5 14. Rac1 Nxc3 15.
Qxc3 Rac8 16. Qd3 Bf6 17. Rfd1 Qd5 18. Ne1 Rfd8 19. Bf3 Qd7 20. Qe4 Nxd4 21.
Qxb7 Qxb7 22. Bxb7 Rxc1 23. Rxc1 Ne2+ 24. Kf1 Nxc1 0-1

[Event "TCh-CHN 2017"]
[Site "China CHN"]
[Date "2017.07.28"]
[Round "10.3"]
[Board "5"]
[White "Yao, Lan"]
[Black "Ni, Shiqun"]
[Result "1/2-1/2"]
[WhiteTitle "WIM"]
[BlackTitle "WGM"]
[WhiteElo "2330"]
[BlackElo "2441"]
[WhiteTeam "Qingdao"]
[BlackTeam "Shanghai"]
[WhiteFideId "8610835"]
[BlackFideId "8608466"]
[EventDate "2017.04.18"]

1. e4 e5 2. Nf3 Nf6 3. Nxe5 d6 4. Nf3 Nxe4 5. d4 Be7 6. Bd3 Nf6 7. O-O O-O 8. h3
Re8 9. Re1 Nbd7 10. c3 b6 11. Nbd2 Bb7 12. Nf1 Bf8 13. Rxe8 Qxe8 14. Bf4 Qe7 15.
N1d2 a6 16. Qc2 Re8 17. Re1 Qd8 18. Qd1 g6 19. Re2 Bg7 20. Qe1 h6 21. Rxe8+ Qxe8
22. Qxe8+ Nxe8 23. Be4 Bxe4 24. Nxe4 f5 25. Ng3 Kf7 26. Kf1 Nef6 27. Bc1 Ke6 28.
Ke2 Ne4 29. Nxe4 fxe4 30. Nd2 d5 31. f3 exf3+ 32. Nxf3 g5 33. Be3 Bf8 34. Bg1
Bd6 35. Bh2 Bxh2 36. Nxh2 h5 37. Ke3 Nf6 38. Nf3 Ne4 39. Ne5 a5 40. a4 Kd6 41.
Kd3 Nf2+ 42. Ke2 Ne4 43. Kd3 Nf2+ 44. Ke2 Ne4 45. Kd3 1/2-1/2